000 00848nas a2200289 4500
001 BR0200047
003 BR-BrBNA
005 20231205102716.0
007 ta
008 230509b bl.|||p| |||| 00| 00por d
040 _aBR-BrBNA
_bpor
_cBiblioteca Nacional de Agricultura
041 _a(Pt)
072 _aF03
100 1 _aMartins, C.C.
100 1 _aNakagawa, J.
100 1 _aBovi, M.L.A.
100 1 _aStanguerlim, H.
245 1 _aTeores de água crítico e letal para sementes de açaí (Euterpe oleracea Mart. - Palmae)
650 _aAÇAÍ
650 _aSEMENTE
650 _aGERMINAÇÃO
650 _aSECAGEM
650 _aTEOR DE UMIDADE
773 0 _tRevista Brasileira de Sementes (Brazil)
_xISSN 0101-3122
_g(1999), v. 21(1) p. 125-132
_wBR0200047
909 _a202311
_bLúcia
_c55
_dLúcia Elande
942 _2AGRIS
_n0
_cANA
999 _c168937
_d168937